| 000 | 00848nam a22002417a 4500 | ||
|---|---|---|---|
| 999 |
_c65699 _d65699 |
||
| 005 | 20240530110839.0 | ||
| 008 | 191209s2008 ua f b 000 0 ara d | ||
| 017 |
_a2008/1696 _bمصر. دار الكتب |
||
| 020 | _a9771805436 | ||
| 040 |
_aEG-CaGPL _cEG-CaGPL |
||
| 082 | 0 | 4 |
_221 _a814.008 _bق / ع ت |
| 100 | 0 | _aعبدالرحمن ابو عوف | |
| 245 | _a؟؟؟؟؟؟؟؟؟؟ | ||
| 260 |
_aالقاهرة : _bمطبعة دار الكتب و الوثائق القومية بالقاهرة ، _c2008 |
||
| 300 |
_a626 ص . ؛ _c24 سم . |
||
| 504 | _aيشمل على ارجاعات ببليوجرافية | ||
| 600 | 0 | _2احمد لطفى السيد | |
| 650 | 0 | 7 |
_2qrmak _aالراى العام |
| 650 | 0 | 7 |
_aحرية التعبير _2qrmak |
| 651 | _2qrmak | ||
| 942 |
_2ddc _cBK |
||